Educación Superior /
Uloženo v:
| Korporativní autor: | |
|---|---|
| Médium: | Kniha |
| Jazyk: | Spanish |
| Vydáno: |
Caracas, Venezuela:
UNESCO; CRESALC,
1979-
|
| Témata: | |
| Tagy: |
Přidat tag
Žádné tagy, Buďte první, kdo vytvoří štítek k tomuto záznamu!
|
MARC
| LEADER | 00000nam a22000007a 4500 | ||
|---|---|---|---|
| 003 | cru CIDCACS/IIS | ||
| 005 | 20200506163238.0 | ||
| 007 | ta | ||
| 008 | 200506s1979 ve |||||r||||||0| ||spa|d | ||
| 999 | |c 43123 |d 43123 | ||
| 040 | |c cru CIDCACS/IIS | ||
| 090 | |a REV0411 | ||
| 110 | 2 | |9 9281 |a Organización de las Naciones Unidas para la Educación, Ciencia y la Cultura, UNESCO | |
| 245 | 1 | |a Educación Superior / |c Organización de las Naciones Unidas para la Educación, Ciencia y la Cultura, Centro Regional para la Educación Superior en América Latina y el Caribe | |
| 260 | |a Caracas, Venezuela: |b UNESCO; |b CRESALC, |c 1979- | ||
| 270 | |e Apdo. 62090, Caracas 1060 | ||
| 500 | |a EXISTENCIAS :1979-1989 (1-28) Documento 1-2 de 1979 está en inglés | ||
| 650 | 0 | |9 311 |a UNIVERSIDADES | |
| 650 | 0 | |9 5349 |a FINANCIAMIENTO | |
| 650 | 4 | |9 1935 |a RECESION ECONOMICA | |
| 650 | 0 | |9 126 |a CULTURA | |
| 650 | 0 | |9 243 |a ESTADO | |
| 650 | 0 | |9 3154 |a POLITICA EDUCATIVA | |
| 942 | |2 ddc |c PP | ||
